000 00834cam a2200253 a 4500
001 598904
003 PILC
005 20150318095924.0
008 910802s1992 tnu 000 0 eng
010 _a 91031288
020 _a0572012136
040 _aDLC
_cDLC
_dDLC
050 0 0 _aBV 652.9
_b.B311 1984
082 0 0 _a651.7/52/0242
245 1 0 _aBasildon bond letters for every occasion /
_cedited by Derek Hall.
260 _aGreat Britain :
_bW. Foulsham & Co. Ltd.,
_cc1984.
300 _a176 p. ;
_c23 cm.
650 0 _aChurch correspondence.
650 0 _aClergy
_xCorrespondence.
650 0 _aForm letters.
906 _a7
_bcbc
_corignew
_d1
_eocip
_f19
_gy-gencatlg
942 _2lcc
_cBK
999 _c283774
_d283774